000 00517nam a2200097Ia 4500
008 170517s9999 xx 000 0 und d
245 _aFood, Inc.
300 _aPerhaps the definitive cinematic investigation of the modern American food industry, the Oscar-nominated documentary Food, Inc. exposes a system rife with corruptive, secretive and abusive practices, and whose products contribute to the rising epidemic of obesity and all the...
650 _xTechnology.
856 _uhttp://topdocumentaryfilms.com/food-inc/
999 _c335038
_d335038